|
|
|
|
| LEADER |
00685nam a2200181 a 4500 |
| 005 |
20151028161928.0 |
| 008 |
960221s1955 dcuabcdjdbkoqu001 0deng d |
| 003 |
ViArRB |
| 082 |
|
|
|a 543.085
|b L5
|
| 100 |
|
|
|a Robinson, James W.
|9 16611
|
| 245 |
|
|
|a Atomic absorption spectroscopy
|b :2nd ed.
|
| 250 |
|
|
|a 2nd ed.
|
| 653 |
|
|
|a Spectroscopy
|a Analysis
|a Hollow Cathode
|a Sensitivity limits
|a Spectrochemistry
|a Spectroscopy
|a alanlytical chemistry
|a Analytical chemistry
|
| 942 |
|
|
|c BK
|6 _
|
| 942 |
|
|
|c BK
|
| 260 |
|
|
|a New York
|b Marcel Dekker
|c 1975
|
| 999 |
|
|
|c 71826
|d 71826
|
| 952 |
|
|
|0 0
|1 0
|2 ddc
|4 0
|6 543085_L5
|7 0
|9 83660
|a SOS
|b SOS
|d 2010-01-16
|l 3
|o 543.085 L5
|p MS004298
|r 2013-06-14
|s 2013-02-13
|w 2009-07-13
|y BK
|